00218nam a2200085Ia 4500008004100000245002300041260004200064260000900106999001700115170620s9999 xx 000 0 und d 0aDistance Education bNew Delhi- Discovery Publishing House c2007 c24318d24318